| 000 | 00587nam a22001692i 4500 | ||
|---|---|---|---|
| 001 | 157836 | ||
| 003 | ES-MaACL | ||
| 005 | 20230906210851.0 | ||
| 008 | 940929s1899 sp |||| | spa d | ||
| 040 |
_aCAT _bspa _cCAT _dCCPB |
||
| 080 | 4 | _a111 | |
| 100 | 1 |
_aLlanas Aguilaniedo, José María. _9128994 |
|
| 245 | 1 | 0 |
_aAlma contemporánea _b: estudio de estética / _cJ. Ma. Llanas Aguilaniedo. |
| 260 |
_aHuesca : _b[s.n.], _c1899 ( _fTipografía de Leandro Pérez) |
||
| 300 |
_a314 p. ; _c19 cm. |
||
| 852 |
_aES-MaACL _jG-9683 _z-- Enc. hol. _x-- Edic.: corregir las pp., son X, 344 |
||
| 999 |
_c157836 _d157836 |
||